| 000 | 00871nam a2200277 a 4500 | ||
|---|---|---|---|
| 001 | 47368 | ||
| 003 | BD-RjUL | ||
| 005 | 20211209054313.0 | ||
| 008 | 160808s1968 enk b 000 0 eng | ||
| 020 | _a0710061323 | ||
| 020 | _a710061331 | ||
| 035 | _a(BD-RjUL)47487 | ||
| 040 |
_aDLC _cDLC _dBD-RjUL _beng |
||
| 041 | _aeng | ||
| 082 | 0 | 0 |
_a370.193 _223 _bBAC 1968 |
| 100 | 1 |
_aBantock, G. H. _q(Geoffrey Herman), _d1914- _9144120 |
|
| 245 | 1 | 0 |
_aCulture, industrialisation and education / _cby G. H. Bantock. |
| 260 |
_aLondon : _bRoutledge & K. Paul, _c1968. |
||
| 300 |
_aviii, 96 p. ; _c19 cm. |
||
| 490 | 0 | _aStudents library of education | |
| 504 | _aBibliographical references included in "Notes": p. 91-[96] | ||
| 650 | 0 |
_aEducational sociology. _9144121 |
|
| 650 | 0 |
_aCulture. _9144122 |
|
| 830 |
_aStudents library of education _9144124 |
||
| 942 |
_2ddc _cBK |
||
| 999 |
_c47368 _d47368 |
||